| 000 | 00644nam a2200157Ia 4500 | ||
|---|---|---|---|
| 008 | 210430s9999 xx 000 0 und d | ||
| 020 | _a0070393656 (alk. paper) | ||
| 082 | _a363.7287 L172 H | ||
| 100 |
_aMichael D. LaGrega, Phillip L. Buckingham, Jeffrey C. Evans _9129038 |
||
| 245 |
_aHazardous waste management / _cLaGrega, Michael D. |
||
| 250 | _a2nd edition | ||
| 260 |
_aBoston, MA : _bMcGraw-Hill, _c2001 |
||
| 300 | _axxvi, 1201 p. : | ||
| 856 | _uhttp://www.loc.gov/catdir/bios/mh041/00059453.html | http://www.loc.gov/catdir/description/mh021/00059453.html | http://www.loc.gov/catdir/toc/mh021/00059453.html | ||
| 942 |
_2ddc _cBK |
||
| 999 |
_c564489 _d564489 |
||